00245nam a22001097a 4500082001700000100001500017245003900032260003000071300000800101650001100109650001500120 a547.8425 KHA aKhanna,B.B aChemistry and Technology of Rubber aNew DelhibGalgotiac1998 a218 arubber atechnology